000 005810000a22001810004500
003 MACL
005 20160410105855.0
008 160410b xxu||||| |||| 00| 0 eng d
040 _aMACL
_cMACL
041 _aHindi
082 _a080
100 _aतरूण हरिवंश
_950763
245 _aअनमोल कथाऍ
_bप्रेरक प्रसंग
260 _aनई दिल्‍ली
_bग्रन्‍थलोक प्रकाशन
_c2009
350 _a160
650 _aसामान्‍य वर्ग
_936
942 _cHIN
_k080
_2ddc
999 _c47914
_d47914